| 000 | 00756nam a2200205 a 4500 | ||
|---|---|---|---|
| 001 | BRCA_437 | ||
| 005 | 20190320203017.0 | ||
| 008 | 050905s2000----mx-a---###---#000-0#spa-# | ||
| 050 | 4 |
_aNK4670.7.P6 _b.A78 2000 |
|
| 245 | 1 | 0 |
_aEl arte del azulejo en Portugal _ctraducción Léon Acosta y Richard Rogers. |
| 260 |
_a[México] _bInstituto Camôes ; Museo Nacional del Azulejo _c[2000] |
||
| 300 |
_a[23] p. _bil. a color _c20 cm. |
||
| 500 | _aCatálogo de la exposición realizada en el Instituto Camôes (Portugal), 2000 | ||
| 650 | 1 | 4 |
_aAzulejos _xHistoria _zPortugal _91495 |
| 650 | 1 | 4 |
_aCerámica _ySiglo XVI-XX _zPortugal _91496 |
| 650 | 1 | 4 |
_aArquitectura _zPortugal _91497 |
| 700 | 1 |
_aAcosta, León _91498 |
|
| 700 | 1 |
_aRogers, Richard _91499 |
|
| 942 |
_2lcc _cB |
||
| 999 |
_c372 _d372 |
||